000 01232cam a22003495a 4500
003 EG-ScBUE
005 20220123104745.0
008 000413s2000 stk f b 001 0 eng d
020 _a0748611215
020 _a9780748611218
040 _aCOO
_beng
_erda
_cCOO
_dEQO
_dUKM
_dCUS
_dDLC
_dEG-ScBUE
043 _ae-uk---
082 0 4 _a823.009
_222
_bAMI
100 1 _aAmigoni, David,
_eauthor.
245 1 4 _aThe English novel and prose narrative /
_cDavid Amigoni.
264 1 _aEdinburgh :
_bEdinburgh University Press,
_c2000.
300 _axii, 172 pages ;
_c22 cm.
336 _2rdacontent
_atext
_btxt
337 _2rdamedia
_aunmediated
_bn
338 _2rdacarrier
_avolume
_bnc
490 0 _aElements of literature
504 _aIncludes bibliographical references and index.
650 7 _aEnglish fiction
_xHistory and criticism
_y20th century.
_2BUEsh
_930425
650 7 _aEnglish prose literature
_xHistory and criticism.
_2BUEsh
650 7 _aNarration (Rhetoric).
_2BUEsh
_933957
651 _2BUEsh
653 _bHHUUEENN
_cNovember2018
655 _vReading book
_934232
906 _a7
_bcbc
_ccopycat
_d3
_encip
_f20
_gy-gencatlg
942 _2ddc
_cBB
999 _c26964
_d26936